Historia de las carreteras de la provincia de Barcelona / Teresa Navas
ISBN:
978-84-9803-282-6
Descripción Física:
253 p. : map. ; 29 cm
MARC
| LEADER | 00000nam a2200000Ia 4500 | ||
|---|---|---|---|
| 001 | 20583 | ||
| 008 | 160829s2008 xx 000 0 cat d | ||
| 020 | |a 978-84-9803-282-6 | ||
| 080 | |a C-3-95 | ||
| 100 | 1 | |a Navas i Ferrer, Teresa |9 49704 | |
| 245 | |a Historia de las carreteras de la provincia de Barcelona / Teresa Navas | ||
| 250 | |a 2a ed. | ||
| 260 | |a Barcelona : |b Diputació de Barcelona, |c 2008 | ||
| 300 | |a 253 p. : |b map. ; |c 29 cm | ||
| 590 | |a S'ha utilitzat el fons de l'Arxiu General de la Diputació de Barcelona. | ||
| 590 | |a Hi ha un exemplar en català amb R. 20587 | ||
| 650 | 0 | |a Carreteres |z Barcelona (Província) |x Història |9 37208 | |
| 710 | 1 | |a Barcelona (Catalunya : Província). |b Diputació |9 52408 | |
| 901 | |a Arxiu | ||
| 942 | |n 1 | ||
| 952 | |0 0 |1 0 |4 0 |6 C395 |7 1 |9 48447 |a Arxiu |b Arxiu |d 2016-12-01 |l 0 |o C-3-95 |p 20583 |r 2016-12-01 00:00:00 |w 2016-12-01 |y ARXIU | ||
| 999 | |c 52276 |d 52276 | ||